| 000 | 00434cam a22001457a 4500 | ||
|---|---|---|---|
| 008 | 180718b1976 xxu||||| |||| 00| 0 eng d | ||
| 020 | _a0 422 74870 6 | ||
| 082 | _aQ8x42 B193 | ||
| 100 | _aBaldwin, John | ||
| 245 |
_aUrban criminal: a study in sheffield _cby John Baldwin and A.E. Bottoms |
||
| 260 |
_aLondon _bTavistock Publications _c1976 |
||
| 300 | _aix, 262p | ||
| 650 | _aCrime -England -Sheffield. | ||
| 700 | _aBottoms, A.E. | ||
| 999 |
_c410325 _d410325 |
||